Diseño de un modelo de negocio gastronómico sostenible para la oferta de alimentación saludable y con identidad costarricense
Guardado en:
| Hovedforfatter: | |
|---|---|
| Andre forfattere: | , |
| Format: | Bog |
| Sprog: | Spanish |
| Udgivet: |
[San José , Costa Rica]
2019
|
| Fag: | |
| Tags: |
Tilføj Tag
Ingen Tags, Vær først til at tagge denne postø!
|
MARC
| LEADER | 00000nam a22000007a 4500 | ||
|---|---|---|---|
| 003 | 012991 | ||
| 005 | 20221231144423.0 | ||
| 008 | 190221b2019 c a|||| |m|| 00| ||spa d | ||
| 040 | |c cru CEDI | ||
| 090 | |a TFG 8142 | ||
| 100 | |9 15577 |a Fallas Chacón, Juan Andrés | ||
| 245 | |a Diseño de un modelo de negocio gastronómico sostenible para la oferta de alimentación saludable y con identidad costarricense | ||
| 260 | |a [San José , Costa Rica] |c 2019 | ||
| 300 | |a xvi,248 hojas | ||
| 500 | |a Proyecto de graduación (licenciatura en ingeniería industrial)--Universidad de Costa Rica. Facultad de Ingeniería. Escuela de Ingeniería Industrial | ||
| 650 | |x PLANIFICACION ESTRATEGICA - COSTA RICA |x PLANIFICACION EMPRESARIAL - COSTA RICA |x MERCADEO DE SERVICIOS DE SALUD - COSTA RICA |x CALIDAD DE VIDA |x ALIMENTOS NATURALES - INDUSTRIA Y COMERCIO - COSTA RICA |x NUEVAS EMPRESAS - PLANIFICACION - COSTA RICA |9 15580 | ||
| 700 | |9 15578 |a Li Feng, Andrés | ||
| 700 | |9 15579 |a Molina Rivera, Karen | ||
| 942 | |c TFG | ||
| 999 | |c 21628 |d 21628 | ||
